Les personnalités nées en Haute-Garonne par images - Statistiques

Statistiques générales
  • Ce quiz a été pris 54 fois
    51 depuis la dernière actualisation
  • Le résultat moyen est 4 sur 14
Statistiques - réponses
Par images Hint Réponse % Correct
(chanteur) Claude Nougaro
65%
(footballeur) Blaise Matuidi
63%
(rugbyman) Frédéric Michalak
50%
(chanteuse) Jain
35%
(écrivain) Bernard Werber
30%
(rugbyman) Grégory Aldritt
30%
Guy Novès
30%
(rappeur) Laylow
28%
(homme politique) Louis Aliot
24%
(homme d'affaires) Olivier Sadran
24%
(maréchal de France) Joseph Gallieni
9%
(acteur) Laurent Terzieff
7%
(footballeur) Dennis Appiah
4%
(musicien) Jacques Cardona
0%
Aucun quiz correspondant
Distribution des résultats
% des personnes avec chaque résultat
Percentile par nombre de réponses
Votre historique - résultats
Vous n’avez pas pris ce quiz depuis la dernière actualisation